Asian dilemma a Soviet view and Myrdal's concept

Сохранить в:
Библиографические подробности
Главный автор: R. Ulyanovsky
Формат:
Язык:Undetermined
Опубликовано: Moscow Progress Publishers 1974
Предметы:
Метки: Добавить метку
Нет меток, Требуется 1-ая метка записи!
Thư viện lưu trữ: Trung tâm Học liệu Trường Đại học Cần Thơ
LEADER 00651nam a2200205Ia 4500
001 CTU_90446
008 210402s9999 xx 000 0 und d
082 |a 330.954 
082 |b U36 
100 |a R. Ulyanovsky 
245 0 |a Asian dilemma 
245 2 |b a Soviet view and Myrdal's concept 
245 0 |c R. Ulyanovsky, V. Pavlov ; [translated from the Russian by Leo Lempert]. 
260 |a Moscow 
260 |b Progress Publishers 
260 |c 1974 
650 |a south asia,asia, southeastern,marxian economics. 
650 |x economic conditions,economic conditions 
904 |i Năm 
980 |a Trung tâm Học liệu Trường Đại học Cần Thơ